000 00778nam a2200193 i 4500
001 182616
003 ES-MaACL
005 20230906221648.0
008 131003s1892 sp |||| | spa d
080 _a929 Colón, Cristóbal (0:7)
080 _a7.04
245 0 0 _aIconografía colombina
_b: catálogo de las salas de Colón.
260 _a[S.l. :
_bs.n.],
_c1892 (
_eMadrid :
_fEst. Tip. "Sucesores de Rivadeneyra")
300 _a29 p. ;
_c25 cm.
530 _aDisponible en formato digital.
600 1 4 _aColón, Cristóbal-
_xIconografía.
_939873
852 _aES-MaACL
_jT-948-F-7
_z.- Donat. Ministerio de Fomento
856 _uhttp://bibliotecadigitalhispanica.bne.es:80/webclient/DeliveryManager?pid=1884996&custom_att_2=simple_viewer
_zBiblioteca Digital Hispánica
999 _c182616
_d182616